000 00609nam a2200229Ia 4500
005 20260320201951.0
008 008 262003s9999 xx 000 0 eng d
037 _aEBOOK
040 _aCRL
040 _beng
040 _cCRL
041 _2eng
041 _aeng
084 _qCRL
100 _aAfonso
_9881986
245 0 _aState Management with React Query: Improve developer and user experience by mastering server state in React
260 _bIEEE
856 _uhttps://ieeexplore.ieee.org/servlet/opac?bknumber=10251245
942 _cEBOOK
999 _c1724551
_d1724551